La Herencia y futuro de la sociología en América del Norte /

में बचाया:
ग्रंथसूची विवरण
मुख्य लेखक: Abu - Lughod, Janet L.
स्वरूप: मूलपाठ
विषय:
टैग: टैग जोड़ें
कोई टैग नहीं, इस रिकॉर्ड को टैग करने वाले पहले व्यक्ति बनें!

MARC

LEADER 00000 a a2200000 04500
001 18949
003
040
100 |a Abu - Lughod, Janet L.  
245 |a La Herencia y futuro de la sociología en América del Norte /  |c Janet L. Abu - Lughod 
650 |a SOCIOLOGIA  
650 |a METODOLOGIA  
650 |a MOVIMIENTOS SOCIALES  
650 |a INMIGRACION  
650 |a GRUPOS ETNICOS  
650 |a GLOBALIZACION  
650 |a TEORIA SOCIAL  
650 |a CONF  
773 |g número 82 -83; páginas 287-301  
999 |c 37251  |d 37251